Statistics for Capital Cities Ending with another Capital City's Beginning Letters

Click here to take the quiz!

General Stats

  • This quiz has been taken 160 times
  • The average score is 13 of 23

Answer Stats

Capital City % Correct
{M}AN
76%
Amsterdam
72%
{O}TT
69%
{N}OU
67%
Managua
65%
Managua
65%
Ottawa
64%
Caracas
64%
{G}UA
63%
Nouakchott
62%
Nouakchott
62%
Guatemala City
59%
{D}AM
59%
{C}AS
56%
Damascus
53%
{P}AN
50%
Manila
50%
Panama City
48%
Manama
45%
Amman
44%
Castries
40%
Belmopan
39%
Cotonou
39%

Score Distribution

Percentile by Number Answered

Percent of People with Each Score

Your Score History

You have not taken this quiz